000 nam a22 7a 4500
999 _c10216
_d10216
008 180213b ||||| |||| 00| 0 eng d
100 _aSharma,A.K.
_92939
245 _aTotal Science with Mathematics-III
260 _aNew Delhi
_bA-International
_c2008